000 00828cab a2200229 4500
001 ABS43861
008 090401t1991 xxu||||| |||| 00| 0 eng d
035 _a(Sirsi) u43900
041 _aeng
100 _aStubbs, M.
245 _aSteinberg and after: decision making and development control in conservation areas
260 _c1991
350 _a0
490 _aJPL
_vJanuary 1991, 9-19(11)
520 _aBegins by summarising the Steinberg case before attempting to clarify some of the confusion which still exists for planning authorities as they seek to apply the Steinberg principle . Reference to case law.
650 _aDEVELOPMENT CONTROL
650 _aSTEINBERG AND SYKES V SOS ENVIRONMENT AND ANOTHER
690 _aPLANNING LAW AND PRACTICE
700 _aLavers, A.
942 _n0
948 _c04/03/1997
999 _c27983
_d27983